<?xml version="1.0" encoding="UTF-8"?>
<record
    xmlns:xsi="http://www.w3.org/2001/XMLSchema-instance"
    xsi:schemaLocation="http://www.loc.gov/MARC21/slim http://www.loc.gov/standards/marcxml/schema/MARC21slim.xsd"
    xmlns="http://www.loc.gov/MARC21/slim">

  <leader>01873cam a22003251  4500</leader>
  <controlfield tag="001">rc 01000777 </controlfield>
  <controlfield tag="003">DLC</controlfield>
  <controlfield tag="005">20260227111901.0</controlfield>
  <controlfield tag="007">cr |||||||||||</controlfield>
  <controlfield tag="008">820513s1874    mau           000 0 eng  </controlfield>
  <datafield tag="010" ind1=" " ind2=" ">
    <subfield code="a">rc 01000777 </subfield>
  </datafield>
  <datafield tag="040" ind1=" " ind2=" ">
    <subfield code="a">DLC</subfield>
    <subfield code="c">CarP</subfield>
    <subfield code="d">DLC</subfield>
  </datafield>
  <datafield tag="043" ind1=" " ind2=" ">
    <subfield code="a">n-us-ca</subfield>
  </datafield>
  <datafield tag="050" ind1="0" ind2="0">
    <subfield code="a">F865</subfield>
    <subfield code="b">.E2</subfield>
  </datafield>
  <datafield tag="245" ind1="0" ind2="0">
    <subfield code="a">Early voyages to California ...</subfield>
  </datafield>
  <datafield tag="260" ind1=" " ind2=" ">
    <subfield code="a">[Salem, Mass.,</subfield>
    <subfield code="b">Printed at the Salem press,</subfield>
    <subfield code="c">1874]</subfield>
  </datafield>
  <datafield tag="300" ind1=" " ind2=" ">
    <subfield code="a">32 p.</subfield>
    <subfield code="c">24 cm.</subfield>
  </datafield>
  <datafield tag="500" ind1=" " ind2=" ">
    <subfield code="a">Each part has also special t.p.</subfield>
  </datafield>
  <datafield tag="500" ind1=" " ind2=" ">
    <subfield code="a">"From Essex institute historical collections, vol. XII, no. 2."</subfield>
  </datafield>
  <datafield tag="520" ind1=" " ind2=" ">
    <subfield code="a">Albert Peabody (1806-1879) and John Eagleston were Salem, Massachusetts merchants who sailed to California in the last months of 1848 to exploit the market for Eastern goods among the miners. Early voyages to California (1874) reprints two pieces from the Historical Collections of the Essex Institute. In the first, Peabody describes his December 1848 sailing with a cargo of foodstuffs and mining tools for the California gold camps, where he remained until 1851. Highlights include a voyage round the Horn and business life in San Francisco and Sacramento. In the second, Eagleston recounts his voyage in October 1848 and his brief stay in San Francisco to sell his cargo before returning east in the summer of 1849.</subfield>
  </datafield>
  <datafield tag="505" ind1="0" ind2=" ">
    <subfield code="a">The early days and rapid growth of California, by Alfred Peabody -- Account of an early California voyage, by J.H. Eagleston.</subfield>
  </datafield>
  <datafield tag="530" ind1=" " ind2=" ">
    <subfield code="a">Also available in digital form on the Library of Congress Web site.</subfield>
  </datafield>
  <datafield tag="540" ind1=" " ind2=" ">
    <subfield code="a">No known restrictions on publication.</subfield>
  </datafield>
  <datafield tag="651" ind1=" " ind2="0">
    <subfield code="a">California</subfield>
    <subfield code="x">Gold discoveries.</subfield>
  </datafield>
  <datafield tag="651" ind1=" " ind2="0">
    <subfield code="a">California</subfield>
    <subfield code="x">History.</subfield>
  </datafield>
  <datafield tag="650" ind1=" " ind2="0">
    <subfield code="a">Business</subfield>
    <subfield code="z">California.</subfield>
  </datafield>
  <datafield tag="700" ind1="1" ind2=" ">
    <subfield code="a">Peabody, Alfred,</subfield>
    <subfield code="d">1806-1879.</subfield>
  </datafield>
  <datafield tag="700" ind1="1" ind2=" ">
    <subfield code="a">Eagleston, John H.</subfield>
  </datafield>
  <datafield tag="856" ind1="4" ind2="1">
    <subfield code="d">calbk</subfield>
    <subfield code="f">175</subfield>
    <subfield code="q">t</subfield>
    <subfield code="u">http://hdl.loc.gov/loc.gdc/calbk.175</subfield>
  </datafield>
  <datafield tag="999" ind1=" " ind2=" ">
    <subfield code="c">51900</subfield>
    <subfield code="d">51900</subfield>
  </datafield>
</record>
